Modern-Day Countries Controlled by the Russian Empire - Sudden Death - Statistics

General Stats
  • This quiz has been taken 98 times
  • The average score is 12 of 32
Answers on the Grid
Answers color-coded by a green-red scale on the quiz's grid according to % correct below.
Afghanistan
Armenia
Austria
Azerbaijan
Belarus
Bulgaria
Canada
China
Czechia
Denmark
Djibouti
Egypt
Estonia
Finland
France
Georgia
Germany
Greece
Hungary
India
Iran
Iraq
Italy
Japan
Kazakhstan
Kyrgyzstan
Latvia
Lebanon
Lithuania
Moldova
Mongolia
Montenegro
Netherlands
North Korea
North Macedonia
Norway
Poland
Romania
Russia
Serbia
Slovakia
South Korea
Sweden
Tajikistan
Turkey
Turkmenistan
Ukraine
United Kingdom
United States
Uzbekistan
 
Answer Stats
Answer % Correct
Armenia
83%
Belarus
79%
Azerbaijan
74%
Kyrgyzstan
67%
Georgia
55%
Kazakhstan
55%
Latvia
55%
Moldova
55%
Ukraine
55%
Estonia
52%
Tajikistan
52%
Finland
50%
Lithuania
50%
Turkmenistan
50%
Russia
48%
Uzbekistan
48%
Poland
40%
China
24%
Turkey
24%
United States
21%
Bulgaria
19%
Iran
17%
Romania
17%
Djibouti
12%
Germany
12%
Norway
10%
France
7%
North Korea
7%
Sweden
7%
Greece
5%
Lebanon
5%
Montenegro
5%
No matching quizzes found
Score Distribution
Percent of People with Each Score
Percentile by Number Answered
Your Score History
You have not taken this quiz